| 000 | 00521nam a22002057a 4500 | ||
|---|---|---|---|
| 003 | koha_MIRAKIL | ||
| 005 | 20231213100032.0 | ||
| 008 | 231213b |||||||| |||| 00| 0 ||| d | ||
| 020 | _b9-75680202-2 | ||
| 040 |
_aTR-IsEVY _btur _cTR-IsEVY |
||
| 082 | _a370.1 ÖZD/E | ||
| 100 | _aÖzden, Yüksel 1963- | ||
| 245 | 0 |
_aEğitimde yeni değerler _beğitimde dönüşüm |
|
| 250 | _a9. bs. | ||
| 260 |
_bPegem Akademi, _c2013 |
||
| 300 | _a229 s. | ||
| 650 | _aEducation. | ||
| 650 | _aEğitim. | ||
| 942 |
_2ddc _cBK |
||
| 999 |
_c13463 _d13463 |
||